|
|
|
|
| LEADER |
01722cam a22003374a 4500 |
| 001 |
11787982 |
| 003 |
GR-PaULI |
| 005 |
20220601115507.0 |
| 008 |
170117s2000 enk f b 001 0 eng d |
| 010 |
|
|
|a 99048142
|
| 020 |
|
|
|a 0415174724
|q (hb. : alk. paper)
|
| 020 |
|
|
|a 0415174732
|q (pbk. : alk. paper)
|
| 040 |
|
|
|a DLC
|b gre
|c DLC
|d DLC
|d GR-PaULI
|e AACR2
|
| 082 |
0 |
4 |
|a 791
|2 23
|
| 245 |
0 |
4 |
|a The Routledge reader in politics and performance /
|c edited by Lizbeth Goodman and Jane De Gay.
|
| 260 |
|
|
|a London ;
|a New York :
|b Routledge,
|c 2000.
|
| 300 |
|
|
|a xxvii, 322 σ. ;
|c 25 εκ.
|
| 490 |
1 |
|
|a Performance studies
|
| 504 |
|
|
|a Περιλαμβάνει βιβλιογραφία (σ. 299-312) και ευρετήριο.
|
| 650 |
|
4 |
|a Παραστατικές τέχνες
|x Πολιτικές απόψεις
|z Ηνωμένες Πολιτείες Αμερικής.
|9 159258
|
| 650 |
|
4 |
|a Θέατρο
|x Πολιτικές απόψεις
|z Ηνωμένες Πολιτείες Αμερικής
|9 159259
|
| 650 |
|
4 |
|a Πολιτική επιστήμη
|x Ιστορία
|x Πηγές
|9 159261
|
| 650 |
|
4 |
|a Παραστατικές τέχνες
|x Πολιτικές απόψεις.
|9 143910
|
| 700 |
1 |
4 |
|a Goodman, Lizbeth,
|d 1964-
|9 139366
|e επιμελήτρια
|
| 700 |
1 |
4 |
|a De Gay, Jane,
|d 1966-
|9 157652
|e επιμελήτρια
|
| 830 |
|
0 |
|9 159263
|a Performance studies.
|
| 856 |
4 |
2 |
|3 Publisher description
|u http://www.loc.gov/catdir/enhancements/fy0649/99048142-d.html
|
| 942 |
|
|
|2 ddc
|c BK15
|
| 952 |
|
|
|0 0
|1 0
|2 ddc
|4 0
|6 791_000000000000000_ROU
|7 0
|9 208869
|a THST
|b THST
|d 2017-01-17
|i 014433
|l 0
|o 791 ROU
|p 025000138633
|r 2017-01-17 00:00:00
|t 1
|v 2017.00
|w 2017-01-17
|y BK15
|
| 998 |
|
|
|c ΜΑΝΙΑ
|d 2017-01
|
| 999 |
|
|
|c 127036
|d 127036
|